Every US State High-Point on a Map - Statistics

General Stats
  • This quiz has been taken 44 times
  • The average score is 28 of 51
Answers on the Map
Answers color-coded by a green-red scale on the quiz's map according to % correct below.
 
Answer Stats
Answer State Elevation (ft) % Correct
Denali Alaska 20,310
95%
Mount Rainier Washington 14,400
95%
Mauna Kea Hawaii 13,803
89%
Mount Washington New Hampshire 6,285.8
89%
Mount Whitney California 14,505
84%
Mount Hood Oregon 11,249
79%
Mount Elbert Colorado 14,440
74%
Mount Mitchell North Carolina 6,684
74%
Mount Sunflower Kansas 4,041
68%
Boundary Peak Nevada 13,147
63%
Gannett Peak Wyoming 13,809
63%
Hawkeye Point Iowa 1,671
63%
High Point New Jersey 1,802
63%
Humphreys Peak Arizona 12,637
63%
Mount Marcy New York 5,343
63%
Borah Peak Idaho 12,668
58%
Granite Peak Montana 12,807
58%
Guadalupe Peak Texas 8,751
58%
Kings Peak Utah 13,534
58%
Mount Katahdin Maine 5,270
58%
Taum Sauk Mountain Missouri 1,772
58%
White Butte North Dakota 3,506
58%
Black Mountain Kentucky 4,139
53%
Eagle Mountain Minnesota 2,302
53%
Ebright Azimuth Delaware 449
53%
Hoosier Hill Indiana 1,257
53%
Mount Greylock Massachusetts 3,489
53%
Timms Hill Wisconsin 1,951
53%
Black Elk Peak South Dakota 7,244
47%
Brasstown Bald Georgia 4,784
47%
Britton Hill Florida 345
47%
Charles Mound Illinois 1,235
47%
Hoye-Crest Maryland 3,370
47%
Mount Arvon Michigan 1,979
47%
Mount Rogers Virginia 5,711
47%
Panorama Point Nebraska 5,432
47%
Sassafras Mountain South Carolina 3,554
47%
Spruce Knob West Virginia 4,862
47%
Black Mesa Oklahoma 4,975
42%
Campbell Hill Ohio 1,548
42%
Driskill Mountain Louisiana 535
42%
Jerimoth Hill Rhode Island 811
42%
Mount Davis Pennsylvania 3,213
42%
Mount Magazine Arkansas 2,753
42%
Mount Mansfield Vermont 4,395.3
42%
Wheeler Peak New Mexico 13,167
42%
Woodall Mountain Mississippi 807
42%
Cheaha Mountain Alabama 2,405
37%
Kuwohi Tennessee 6,643
37%
Mount Frissell Connecticut 2,386
32%
Point Reno District of Columbia 414
32%
No matching quizzes found
Score Distribution
Percent of People with Each Score
Percentile by Number Answered
Your Score History
You have not taken this quiz